000 00633nam a2200169Ia 4500
008 220216s9999 xx 000 0 und d
100 _aThulaseedharan A.
245 0 _aBiotechnological approaches for crop improvement in rubber
260 _bIn: Biotechnology in horticultural and plantation crops. (Eds. K.L. Chadha, P.N. Ravindran and Leela Sahijram). Malhotra Publishing House, New Delhi,India, pp. 323-351.
_c2000
650 _aGenetic transformation
650 _aMicropropagation
650 _aMolecular marker
650 _aSomatic embryogenesis
700 _aJayasree P.K.
700 _aVenkatachalam P.
942 _cBS
999 _c52975
_d52975